000 00322nam a22001337a 4500
008 170621b xxu||||| |||| 00| 0 eng d
020 _a9780201608830
041 _aeng
080 _a94
100 _a18
101 _aSHH
245 _aISLAM AMD DEMOCRACY FEAR OF THE MODERN WORLD
_cLAKELAND.M.J
942 _2udc
_cBK
999 _c18455
_d18455